Qu'est-ce que la monnaie? (Registro nro. 142471)
[ vista simple ]
| 000 -LEADER | |
|---|---|
| campo de control de longitud fija | 00672nam a2200181 i 4500 |
| 001 - NÚMERO DE CONTROL | |
| campo de control | 142471 |
| 003 - IDENTIFICADOR DE NÚMERO DE CONTROL | |
| campo de control | ES-MaACL |
| 007 - CAMPO FIJO DE DESCRIPCIÓN FÍSICA--INFORMACIÓN GENERAL | |
| campo de control de longitud fija | t| |
| 008 - DATOS DE LONGITUD FIJA--INFORMACIÓN GENERAL | |
| campo de control de longitud fija | 071005s1920 fr ||||1| fre d |
| 100 1# - ENTRADA PRINCIPAL--NOMBRE DE PERSONA | |
| Nombre de persona | Withers, Hartley. |
| 9 (RLIN) | 117163 |
| 245 10 - MENCIÓN DEL TÍTULO | |
| Título | Qu'est-ce que la monnaie? |
| Resto del título | : (le marché monétaire anglais) / |
| Mención de responsabilidad, etc. | par Hartley Withers ; traduction de l'anglais par Cyrille et Joseph Rivière ; revue et précédée d'une introduction par Charles Rist. |
| 260 ## - PUBLICACIÓN, DISTRIBUCIÓN, ETC. | |
| Lugar de publicación, distribución, etc. | Paris : |
| Nombre del editor, distribuidor, etc. | Giard et Brière, |
| Fecha de publicación, distribución, etc. | 1920. |
| 300 ## - DESCRIPCIÓN FÍSICA | |
| Extensión | XXII, 288 p. ; |
| Dimensiones | 22 cm. |
| 700 1# - ENTRADA AGREGADA--NOMBRE PERSONAL | |
| Nombre de persona | Rivière, Joseph. |
| 9 (RLIN) | 97739 |
| 700 1# - ENTRADA AGREGADA--NOMBRE PERSONAL | |
| Nombre de persona | Rist, Charles. |
| 9 (RLIN) | 97471 |
| 700 1# - ENTRADA AGREGADA--NOMBRE PERSONAL | |
| Nombre de persona | Rivière, Cyrille. |
| 9 (RLIN) | 97733 |
| 852 ## - LOCALIZACIÓN | |
| Ubicación | ES-MaACL |
| Número de control de estantería | B-5622 |
| Estatus retirado | Estado de pérdida | Estado de daño | No para préstamo | Biblioteca de origen | Biblioteca actual | Ubicación en estantería | Fecha de adquisición | Fuente de adquisición | Total de préstamos | Signatura topográfica completa | Código de barras | Visto por última vez | Precio de reemplazo | Tipo de ítem Koha |
|---|---|---|---|---|---|---|---|---|---|---|---|---|---|---|
| Biblioteca del Ateneo de Madrid | Biblioteca del Ateneo de Madrid | Sala Pardo Bazán | 17/01/2008 | B-5622 | 1148241 | 23/02/2023 | 23/02/2023 | Libro impreso |
